The computer user's survival guide / (Record no. 64659)

000 -LEADER
fixed length control field 01365cam a2200385 a 4500
001 - CONTROL NUMBER
control field 2586051
003 - CONTROL NUMBER IDENTIFIER
control field NUST - PNEC
005 - DATE AND TIME OF LATEST TRANSACTION
control field 20170116180852.0
008 - FIXED-LENGTH DATA ELEMENTS--GENERAL INFORMATION
fixed length control field 951025s1995 cau b 001 0 eng d
010 ## - LIBRARY OF CONGRESS CONTROL NUMBER
LC control number 96133471
020 ## - INTERNATIONAL STANDARD BOOK NUMBER
International Standard Book Number 1565920309
035 ## - SYSTEM CONTROL NUMBER
System control number (OCoLC)33355618
040 ## - CATALOGING SOURCE
Original cataloging agency NBPu
Transcribing agency NBPu
Modifying agency DLC
042 ## - AUTHENTICATION CODE
Authentication code lccopycat
050 04 - LIBRARY OF CONGRESS CALL NUMBER
Classification number RC965.V53
Item number S75 1995
082 00 - DEWEY DECIMAL CLASSIFICATION NUMBER
Classification number 613.62 STI
100 1# - MAIN ENTRY--PERSONAL NAME
Personal name Stigliani, Joan.
245 14 - TITLE STATEMENT
Title The computer user's survival guide /
Statement of responsibility, etc. Joan Stigliani.
250 ## - EDITION STATEMENT
Edition statement 1st ed.
260 ## - PUBLICATION, DISTRIBUTION, ETC.
Place of publication, distribution, etc. Sebastopol, CA :
Name of publisher, distributor, etc. O'Reilly & Associates,
Date of publication, distribution, etc. c1995.
300 ## - PHYSICAL DESCRIPTION
Extent 276 p. :
Other physical details ill. ;
Dimensions 24 cm.
504 ## - BIBLIOGRAPHY, ETC. NOTE
Bibliography, etc. note Includes bibliographical references (p. 263-267) and index.
650 #0 - SUBJECT ADDED ENTRY--TOPICAL TERM
Topical term or geographic name entry element Video display terminals
General subdivision Health aspects.
-- General
650 #0 - SUBJECT ADDED ENTRY--TOPICAL TERM
Topical term or geographic name entry element Computers
General subdivision Health aspects.
650 12 - SUBJECT ADDED ENTRY--TOPICAL TERM
Topical term or geographic name entry element Computer Terminals.
650 12 - SUBJECT ADDED ENTRY--TOPICAL TERM
Topical term or geographic name entry element Human Engineering.
650 22 - SUBJECT ADDED ENTRY--TOPICAL TERM
Topical term or geographic name entry element Occupational Diseases
General subdivision prevention & control.
650 22 - SUBJECT ADDED ENTRY--TOPICAL TERM
Topical term or geographic name entry element Workplace
General subdivision standards.
650 22 - SUBJECT ADDED ENTRY--TOPICAL TERM
Topical term or geographic name entry element Occupational Health.
856 42 - ELECTRONIC LOCATION AND ACCESS
Materials specified Publisher description
Uniform Resource Identifier <a href="http://www.loc.gov/catdir/enhancements/fy0915/96133471-d.html">http://www.loc.gov/catdir/enhancements/fy0915/96133471-d.html</a>
856 41 - ELECTRONIC LOCATION AND ACCESS
Materials specified Table of contents only
Uniform Resource Identifier <a href="http://www.loc.gov/catdir/enhancements/fy1013/96133471-t.html">http://www.loc.gov/catdir/enhancements/fy1013/96133471-t.html</a>
906 ## - LOCAL DATA ELEMENT F, LDF (RLIN)
a 7
b cbc
c copycat
d 3
e ncip
f 19
g y-gencatlg
942 ## - ADDED ENTRY ELEMENTS (KOHA)
Source of classification or shelving scheme
Koha item type Book
Holdings
Withdrawn status Lost status Source of classification or shelving scheme Damaged status Not for loan Permanent Location Current Location Shelving location Date acquired Total Checkouts Full call number Barcode Date last seen Price effective from Koha item type
          Pakistan Navy Engineering College (PNEC) Pakistan Navy Engineering College (PNEC)       613.62 STI PNECLIB-023217 08/26/2015   Book
© 2023 Central Library, National University of Sciences and Technology. All Rights Reserved.